000 00416nam a2200169Ia 4500
008 210210b1904 xxu||||| |||| 00| 0 eng d
041 _aeng
082 _a425/219
100 _aONIONS (C T)
245 _aAdvanced English syntax
260 _aLondon
_bSwan Sonnenschein Lowrey and Company
_c1904
650 _asyntax
650 _aEnglish
650 _aAdvanced
690 _aEnglish Grammar
906 _a005995
999 _c129054
_d129054